|
|
|
|
| LEADER |
00000cam a2200000 7i4500 |
| 001 |
0000002471 |
| 005 |
20030626.0 |
| 090 |
0 |
0 |
|a 634.956
|b NEW 1989
|
| 245 |
0 |
0 |
|a NEW approaches to spacing and thinning in plantation forestry, Rotorua, 10-14 April 1989
|
| 260 |
0 |
0 |
|a Rotorua, New Zealand :
|b International Union of Forestry Research ,
|c 1989
|
| 300 |
|
|
|a Various pagings ;
|c 30 cm.
|
| 500 |
0 |
0 |
|a Includes bibliographical references
|
| 650 |
0 |
0 |
|a Forests and forestry
|x Congresses
|
| 650 |
0 |
0 |
|a Tree farms
|x Congresses
|
| 998 |
|
|
|a JPSM
|
| 999 |
|
|
|a 0000004001
|b Monograph
|c Open Shelf
|e Default branch
|